[Event "Irena Warakomska Memorial A"]
[Site "Suwalki"]
[Date "2018.08.02"]
[Round "2"]
[White "Tihonov, Jurij"]
[Black "Buraczewski, Rafal"]
[Result "1-0"]
[Board "32"]
[WhiteElo "2385"]
[WhiteTitle "GM"]
[WhiteCountry "BLR"]
[WhiteFideId "13500325"]
[WhiteEloChange "6"]
[BlackElo "2221"]
[BlackCountry "POL"]
[BlackFideId "1155245"]
[BlackEloChange "-6"]

1. d4 {[%clk 1:30:16]} Nf6 {[%clk 1:30:40]} 2. c4 {[%clk 1:29:10]} c5 {[%clk
1:30:59]} 3. d5 {[%clk 1:29:35]} b5 {[%clk 1:31:23]} 4. cxb5 {[%clk 1:29:51]} a6
{[%clk 1:31:49]} 5. b6 {[%clk 1:28:48]} Qxb6 {[%clk 1:31:44]} 6. Nc3 {[%clk
1:29:03]} d6 {[%clk 1:32:05]} 7. Nf3 {[%clk 1:29:14]} g6 {[%clk 1:32:21]} 8. e4
{[%clk 1:29:29]} Bg7 {[%clk 1:29:54]} 9. Be2 {[%clk 1:25:12]} O-O {[%clk
1:29:58]} 10. Nd2 {[%clk 1:22:20]} Nfd7 {[%clk 1:28:29]} 11. O-O {[%clk 1:20:45]}
Qc7 {[%clk 1:25:25]} 12. a4 {[%clk 1:19:32]} a5 {[%clk 1:22:03]} 13. Nb5 {[%clk
1:17:27]} Qb7 {[%clk 1:22:32]} 14. Nc4 {[%clk 1:17:15]} Nb6 {[%clk 1:22:50]} 15.
Bd2 {[%clk 0:58:25]} Nxc4 {[%clk 1:21:48]} 16. Bxc4 {[%clk 0:58:19]} Bd7 {[%clk
1:21:56]} 17. Bc3 {[%clk 0:58:17]} Bxb5 {[%clk 1:21:58]} 18. Bxb5 {[%clk
0:58:09]} Qc7 {[%clk 1:21:00]} 19. Qd2 {[%clk 0:52:40]} Nd7 {[%clk 1:17:48]} 20.
Ra3 {[%clk 0:50:21]} Bxc3 {[%clk 1:13:00]} 21. Rxc3 {[%clk 0:48:14]} Nf6 {[%clk
1:12:54]} 22. Re1 {[%clk 0:48:00]} Kg7 {[%clk 0:55:09]} 23. Bc4 {[%clk 0:38:44]}
Rab8 {[%clk 0:34:22]} 24. f4 {[%clk 0:36:12]} Rb4 {[%clk 0:34:40]} 25. b3 {[%clk
0:32:23]} Nd7 {[%clk 0:21:54]} 26. Rh3 {[%clk 0:29:54]} f6 {[%clk 0:22:23]} 27.
e5 {[%clk 0:29:32]} Nb6 {[%clk 0:17:34]} 28. f5 {[%clk 0:24:44]} g5 {[%clk
0:17:00]} 29. Qe2 {[%clk 0:23:14]} Rh8 {[%clk 0:06:30]} 30. Qh5 {[%clk 0:20:11]}
fxe5 {[%clk 0:06:36]} 31. Qxg5+ {[%clk 0:19:35]} Kf7 {[%clk 0:06:54]} 32. Rxh7+
{[%clk 0:09:56]} Rxh7 {[%clk 0:06:51]} 33. Qg6+ {[%clk 0:10:22]} Kf8 {[%clk
0:07:15]} 34. Qxh7 {[%clk 0:10:51]} Qc8 {[%clk 0:05:09]} 35. Qh8+ {[%clk
0:09:26]} Kf7 {[%clk 0:05:33]} 36. Qh5+ {[%clk 0:09:50]} Kf8 {[%clk 0:05:04]} 37.
Re3 {[%clk 0:09:48]} Qe8 {[%clk 0:04:29]} 38. Qh8+ {[%clk 0:09:46]} Kf7 {[%clk
0:04:55]} 39. Qh7+ {[%clk 0:10:06]} Kf6 {[%clk 0:05:00]} 40. Rg3 {[%clk 0:39:56]}
1-0

[Event "Irena Warakomska Memorial A"]
[Site "Suwalki"]
[Date "2018.08.02"]
[Round "2"]
[White "Krzywda, Andrzej"]
[Black "Kokoszczynski, Jan"]
[Result "0-1"]
[Board "33"]
[WhiteElo "2258"]
[WhiteTitle "CM"]
[WhiteCountry "POL"]
[WhiteFideId "1114565"]
[WhiteEloChange "-14"]
[BlackElo "2111"]
[BlackCountry "POL"]
[BlackFideId "1174460"]
[BlackEloChange "14"]

1. e4 {[%clk 1:30:58]} c5 {[%clk 1:30:49]} 2. Nf3 {[%clk 1:31:24]} d6 {[%clk
1:31:09]} 3. d4 {[%clk 1:31:41]} cxd4 {[%clk 1:31:32]} 4. Nxd4 {[%clk 1:32:09]}
Nf6 {[%clk 1:31:53]} 5. Nc3 {[%clk 1:32:37]} a6 {[%clk 1:32:17]} 6. Be3 {[%clk
1:32:55]} e5 {[%clk 1:32:28]} 7. Nb3 {[%clk 1:33:14]} Be6 {[%clk 1:31:31]} 8. Qd2
{[%clk 1:32:55]} Nbd7 {[%clk 1:30:50]} 9. O-O-O {[%clk 1:32:54]} Be7 {[%clk
1:25:47]} 10. f4 {[%clk 1:32:39]} Qc7 {[%clk 1:24:48]} 11. f5 {[%clk 1:27:00]}
Bc4 {[%clk 1:24:54]} 12. Kb1 {[%clk 1:26:43]} b5 {[%clk 1:23:18]} 13. g4 {[%clk
1:19:19]} b4 {[%clk 1:09:08]} 14. g5 {[%clk 0:53:24]} Bxb3 {[%clk 0:53:27]} 15.
gxf6 {[%clk 0:49:41]} bxc3 {[%clk 0:52:50]} 16. Qxc3 {[%clk 0:45:28]} Qxc3 {[%clk
0:52:11]} 17. bxc3 {[%clk 0:45:49]} Bxa2+ {[%clk 0:52:12]} 18. Kxa2 {[%clk
0:46:08]} Nxf6 {[%clk 0:52:24]} 19. Bd3 {[%clk 0:44:39]} O-O {[%clk 0:48:54]} 20.
Rb1 {[%clk 0:45:04]} Rfc8 {[%clk 0:43:59]} 21. Rb7 {[%clk 0:39:43]} Kf8 {[%clk
0:42:30]} 22. Kb2 {[%clk 0:34:12]} d5 {[%clk 0:37:46]} 23. exd5 {[%clk 0:29:37]}
e4 {[%clk 0:23:12]} 24. Be2 {[%clk 0:28:53]} Nxd5 {[%clk 0:22:47]} 25. Bd4 {[%clk
0:28:42]} Rab8 {[%clk 0:22:55]} 26. Rb3 {[%clk 0:27:57]} a5 {[%clk 0:15:00]} 27.
Ra1 {[%clk 0:27:32]} Ra8 {[%clk 0:09:38]} 28. Ra4 {[%clk 0:22:53]} Bc5 {[%clk
0:06:31]} 29. Bc4 {[%clk 0:19:34]} Ne7 {[%clk 0:04:49]} 30. Rb5 {[%clk 0:15:45]}
Rab8 {[%clk 0:02:32]} 31. Rxa5 {[%clk 0:05:34]} Rxb5+ {[%clk 0:02:58]} 32. Bxb5
{[%clk 0:05:39]} Nxf5 {[%clk 0:02:28]} 33. Be5 {[%clk 0:03:00]} Bd6 {[%clk
0:02:41]} 34. Bd7 {[%clk 0:01:43]} Rb8+ {[%clk 0:03:06]} 35. Kc1 {[%clk 0:01:54]}
Bxe5 {[%clk 0:03:03]} 36. Rxe5 {[%clk 0:01:50]} Nd6 {[%clk 0:03:26]} 37. Bc6
{[%clk 0:01:30]} f5 {[%clk 0:02:58]} 38. c4 {[%clk 0:01:35]} g6 {[%clk 0:01:15]}
39. Bb5 {[%clk 0:01:08]} Rc8 {[%clk 0:01:06]} 40. Ba6 {[%clk 0:31:02]} Nxc4
{[%clk 0:30:33]} 41. Rxe4 {[%clk 0:26:01]} fxe4 {[%clk 0:30:58]} 42. Bxc8 {[%clk
0:26:28]} Ke7 {[%clk 0:31:12]} 43. Ba6 {[%clk 0:24:38]} Na5 {[%clk 0:26:55]} 44.
Kd2 {[%clk 0:23:01]} Kd6 {[%clk 0:27:13]} 45. Ke3 {[%clk 0:17:51]} Ke5 {[%clk
0:27:33]} 46. Bb5 {[%clk 0:13:09]} g5 {[%clk 0:26:44]} 47. Ba6 {[%clk 0:10:00]}
g4 {[%clk 0:18:35]} 48. Bb5 {[%clk 0:06:15]} h6 {[%clk 0:13:23]} 49. Ba6 {[%clk
0:05:01]} h5 {[%clk 0:13:38]} 50. Bb5 {[%clk 0:05:07]} h4 {[%clk 0:12:14]} 51.
Be2 {[%clk 0:03:58]} Kf5 {[%clk 0:08:38]} 52. Ba6 {[%clk 0:02:28]} Ke5 {[%clk
0:06:29]} 53. Be2 {[%clk 0:02:52]} g3 {[%clk 0:03:51]} 54. hxg3 {[%clk 0:03:18]}
hxg3 {[%clk 0:03:49]} 55. Ba6 {[%clk 0:02:42]} Kd5 {[%clk 0:01:25]} 56. Bf1
{[%clk 0:02:03]} Ke5 {[%clk 0:01:44]} 57. Ba6 {[%clk 0:02:19]} Kf5 {[%clk
0:01:50]} 58. Bc8+ {[%clk 0:01:54]} Kf6 {[%clk 0:02:03]} 59. Ba6 {[%clk 0:01:01]}
Ke5 {[%clk 0:02:29]} 60. Bf1 {[%clk 0:01:06]} Nb7 {[%clk 0:02:54]} 61. Bg2 {[%clk
0:00:47]} Nd6 {[%clk 0:03:18]} 62. Bh3 {[%clk 0:00:45]} Nf5+ {[%clk 0:01:56]} 63.
Ke2 {[%clk 0:01:09]} Nd4+ {[%clk 0:02:13]} 64. Kd1 {[%clk 0:01:07]} Kf4 {[%clk
0:01:07]} 65. c3 {[%clk 0:01:24]} Ke3 {[%clk 0:00:35]} 66. Bg2 {[%clk 0:00:54]}
Kf2 {[%clk 0:00:38]} 67. Bh1 {[%clk 0:00:36]} Nf3 {[%clk 0:00:50]} 68. c4 {[%clk
0:00:49]} e3 {[%clk 0:01:06]} 69. Bxf3 {[%clk 0:00:31]} Kxf3 {[%clk 0:01:29]} 0-1

[Event "Irena Warakomska Memorial A"]
[Site "Suwalki"]
[Date "2018.08.02"]
[Round "2"]
[White "Zgadzaj, Rafal"]
[Black "Kowalski, Igor"]
[Result "0-1"]
[Board "34"]
[WhiteElo "2154"]
[WhiteCountry "POL"]
[WhiteFideId "1113712"]
[WhiteEloChange "-5"]
[BlackElo "2324"]
[BlackTitle "FM"]
[BlackCountry "POL"]
[BlackFideId "1172468"]
[BlackEloChange "5"]

1. d4 {[%clk 1:30:55]} e6 {[%clk 1:30:51]} 2. g3 {[%clk 1:30:02]} Nf6 {[%clk
1:31:14]} 3. Bg2 {[%clk 1:30:29]} d5 {[%clk 1:31:31]} 4. Nf3 {[%clk 1:29:26]} Be7
{[%clk 1:31:26]} 5. O-O {[%clk 1:29:02]} O-O {[%clk 1:32:20]} 6. c4 {[%clk
1:29:20]} dxc4 {[%clk 1:32:45]} 7. Na3 {[%clk 1:28:41]} Bxa3 {[%clk 1:29:03]} 8.
bxa3 {[%clk 1:29:10]} Nbd7 {[%clk 1:28:23]} 9. Qc2 {[%clk 1:26:38]} Nb6 {[%clk
1:28:27]} 10. Rd1 {[%clk 1:26:41]} Bd7 {[%clk 1:28:51]} 11. Re1 {[%clk 1:22:09]}
Ba4 {[%clk 1:28:49]} 12. Qb2 {[%clk 1:21:37]} Bc6 {[%clk 1:27:42]} 13. Bg5 {[%clk
1:08:04]} Be4 {[%clk 1:20:02]} 14. Rac1 {[%clk 0:45:51]} Qd5 {[%clk 1:17:03]} 15.
Bxf6 {[%clk 0:45:33]} gxf6 {[%clk 1:17:28]} 16. Red1 {[%clk 0:39:41]} Na4 {[%clk
1:15:35]} 17. Qb4 {[%clk 0:33:57]} b5 {[%clk 1:15:01]} 18. Ne1 {[%clk 0:34:05]}
Bxg2 {[%clk 1:08:58]} 19. Nxg2 {[%clk 0:34:33]} a5 {[%clk 1:07:30]} 20. Qe7
{[%clk 0:33:55]} Qd8 {[%clk 1:07:40]} 21. Qxd8 {[%clk 0:33:59]} Rfxd8 {[%clk
1:08:05]} 22. Nf4 {[%clk 0:33:45]} b4 {[%clk 1:07:41]} 23. e3 {[%clk 0:29:12]}
Nb2 {[%clk 1:02:18]} 24. Rf1 {[%clk 0:25:47]} e5 {[%clk 0:58:52]} 25. Rc2 {[%clk
0:24:27]} c3 {[%clk 0:58:25]} 26. Ne2 {[%clk 0:24:20]} Ra6 {[%clk 0:44:08]} 27.
Rfc1 {[%clk 0:19:14]} Nc4 {[%clk 0:39:34]} 28. Nxc3 {[%clk 0:19:27]} bxc3 {[%clk
0:39:07]} 29. Rxc3 {[%clk 0:19:55]} Nd2 {[%clk 0:38:52]} 30. dxe5 {[%clk
0:16:58]} fxe5 {[%clk 0:39:14]} 31. Rxc7 {[%clk 0:17:10]} Rd3 {[%clk 0:34:13]}
32. Kg2 {[%clk 0:09:36]} Rxa3 {[%clk 0:32:38]} 33. R1c2 {[%clk 0:09:24]} Ne4
{[%clk 0:25:36]} 34. Kf3 {[%clk 0:09:01]} Ra4 {[%clk 0:25:24]} 35. h4 {[%clk
0:04:23]} Rd6 {[%clk 0:22:12]} 36. Re7 {[%clk 0:02:52]} Rd2 {[%clk 0:22:25]} 37.
Rec7 {[%clk 0:02:26]} Kg7 {[%clk 0:20:58]} 38. g4 {[%clk 0:02:19]} h6 {[%clk
0:18:34]} 39. R7c4 {[%clk 0:02:35]} Rxc4 {[%clk 0:18:52]} 40. Rxc4 {[%clk
0:33:02]} Nxf2 {[%clk 0:39:11]} 41. Ra4 {[%clk 0:32:40]} e4+ {[%clk 0:37:09]} 42.
Kg3 {[%clk 0:27:41]} Re2 {[%clk 0:29:23]} 43. Rxa5 {[%clk 0:24:33]} Nd3 {[%clk
0:29:06]} 44. a4 {[%clk 0:21:59]} Rxe3+ {[%clk 0:29:32]} 45. Kg2 {[%clk 0:22:10]}
Nf4+ {[%clk 0:29:52]} 46. Kf2 {[%clk 0:22:13]} Rf3+ {[%clk 0:30:18]} 47. Ke1
{[%clk 0:22:10]} e3 {[%clk 0:30:43]} 48. Rf5 {[%clk 0:21:09]} e2 {[%clk 0:31:08]}
49. Kd2 {[%clk 0:21:26]} Rd3+ {[%clk 0:31:29]} 0-1

[Event "Irena Warakomska Memorial A"]
[Site "Suwalki"]
[Date "2018.08.02"]
[Round "2"]
[White "Chylewski, Patryk"]
[Black "Ocytko, Andrzej"]
[Result "1-0"]
[Board "37"]
[WhiteElo "2335"]
[WhiteTitle "FM"]
[WhiteCountry "POL"]
[WhiteFideId "1186191"]
[WhiteEloChange "5"]
[BlackElo "2155"]
[BlackCountry "POL"]
[BlackFideId "1101242"]
[BlackEloChange "-5"]

1. e4 {[%clk 1:30:53]} e5 {[%clk 1:30:41]} 2. Nf3 {[%clk 1:31:18]} Nf6 {[%clk
1:30:40]} 3. d4 {[%clk 1:23:50]} Nxe4 {[%clk 1:30:37]} 4. dxe5 {[%clk 1:24:08]}
d5 {[%clk 1:28:54]} 5. Nbd2 {[%clk 1:23:35]} Nxd2 {[%clk 1:24:24]} 6. Bxd2 {[%clk
1:23:39]} Bf5 {[%clk 1:16:49]} 7. Nd4 {[%clk 1:14:58]} Bd7 {[%clk 1:16:22]} 8.
Bd3 {[%clk 0:54:40]} Nc6 {[%clk 0:59:26]} 9. Nxc6 {[%clk 0:53:54]} bxc6 {[%clk
0:59:00]} 10. O-O {[%clk 0:53:58]} Bc5 {[%clk 0:52:49]} 11. c4 {[%clk 0:52:17]}
Bd4 {[%clk 0:45:54]} 12. Qc2 {[%clk 0:49:05]} Rb8 {[%clk 0:36:36]} 13. Bc3 {[%clk
0:44:32]} Bxc3 {[%clk 0:35:32]} 14. Qxc3 {[%clk 0:44:55]} O-O {[%clk 0:34:41]}
15. Rad1 {[%clk 0:43:56]} Rb7 {[%clk 0:25:29]} 16. Bc2 {[%clk 0:39:37]} Be6
{[%clk 0:22:58]} 17. Ba4 {[%clk 0:37:10]} Rb6 {[%clk 0:18:02]} 18. f4 {[%clk
0:30:47]} f5 {[%clk 0:17:54]} 19. c5 {[%clk 0:29:00]} Ra6 {[%clk 0:12:19]} 20.
Rd4 {[%clk 0:28:58]} Qd7 {[%clk 0:12:32]} 21. a3 {[%clk 0:24:32]} Qe7 {[%clk
0:07:18]} 22. Bd1 {[%clk 0:19:26]} Qe8 {[%clk 0:06:19]} 23. Be2 {[%clk 0:18:47]}
Qc8 {[%clk 0:06:23]} 24. b4 {[%clk 0:13:24]} Qb7 {[%clk 0:05:22]} 25. Ra1 {[%clk
0:13:12]} Rd8 {[%clk 0:03:20]} 26. a4 {[%clk 0:13:00]} Bc8 {[%clk 0:02:35]} 27.
Qf3 {[%clk 0:12:27]} Qb8 {[%clk 0:01:16]} 28. Qf1 {[%clk 0:12:16]} Qb7 {[%clk
0:01:33]} 29. a5 {[%clk 0:12:08]} g6 {[%clk 0:00:58]} 30. Ra3 {[%clk 0:12:16]} h5
{[%clk 0:00:45]} 31. Rg3 {[%clk 0:10:58]} Kf7 {[%clk 0:01:11]} 32. Rg5 {[%clk
0:10:12]} Re8 {[%clk 0:01:25]} 33. Bd3 {[%clk 0:09:27]} Rh8 {[%clk 0:00:46]} 34.
e6+ {[%clk 0:07:09]} 1-0

[Event "Irena Warakomska Memorial A"]
[Site "Suwalki"]
[Date "2018.08.02"]
[Round "2"]
[White "Tomaszewski, Roman"]
[Black "Jankowiak, Tomasz"]
[Result "1-0"]
[Board "40"]
[WhiteElo "2258"]
[WhiteTitle "IM"]
[WhiteCountry "POL"]
[WhiteFideId "1100637"]
[WhiteEloChange "6"]
[BlackElo "2115"]
[BlackCountry "POL"]
[BlackFideId "1185357"]
[BlackEloChange "-6"]

1. c4 {[%clk 1:30:54]} e5 {[%clk 1:30:46]} 2. g3 {[%clk 1:31:07]} Nf6 {[%clk
1:31:07]} 3. Bg2 {[%clk 1:31:05]} d5 {[%clk 1:31:21]} 4. cxd5 {[%clk 1:27:46]}
Nxd5 {[%clk 1:31:44]} 5. Nc3 {[%clk 1:26:18]} Nb6 {[%clk 1:32:00]} 6. Nf3 {[%clk
1:09:46]} Nc6 {[%clk 1:32:23]} 7. O-O {[%clk 1:06:30]} Be7 {[%clk 1:32:20]} 8. d3
{[%clk 1:04:15]} O-O {[%clk 1:32:21]} 9. Be3 {[%clk 1:04:16]} Be6 {[%clk
1:29:31]} 10. Qc1 {[%clk 1:04:32]} Nd5 {[%clk 1:24:17]} 11. Rd1 {[%clk 0:44:30]}
Qd7 {[%clk 1:07:29]} 12. Bd2 {[%clk 0:27:58]} f6 {[%clk 0:48:18]} 13. Ne4 {[%clk
0:27:20]} b6 {[%clk 0:47:08]} 14. a3 {[%clk 0:27:37]} a5 {[%clk 0:44:19]} 15. Nc3
{[%clk 0:25:32]} Rfc8 {[%clk 0:32:08]} 16. Qc2 {[%clk 0:22:39]} Nd4 {[%clk
0:29:46]} 17. Nxd4 {[%clk 0:23:02]} exd4 {[%clk 0:30:13]} 18. Nxd5 {[%clk
0:23:04]} Bxd5 {[%clk 0:30:37]} 19. Bxd5+ {[%clk 0:20:29]} Qxd5 {[%clk 0:31:01]}
20. Rac1 {[%clk 0:17:07]} c5 {[%clk 0:20:07]} 21. a4 {[%clk 0:12:38]} Rd8 {[%clk
0:11:53]} 22. e4 {[%clk 0:11:36]} dxe3 {[%clk 0:12:00]} 23. Bxe3 {[%clk 0:12:34]}
Rac8 {[%clk 0:09:50]} 24. b3 {[%clk 0:12:46]} Kf7 {[%clk 0:08:06]} 25. Qc4 {[%clk
0:08:55]} Qe6 {[%clk 0:08:20]} 26. Qb5 {[%clk 0:02:50]} Rd5 {[%clk 0:01:45]} 27.
Re1 {[%clk 0:03:01]} c4 {[%clk 0:00:51]} 28. Qa6 {[%clk 0:03:04]} Rxd3 {[%clk
0:00:43]} 29. Bc5 {[%clk 0:02:37]} Bxc5 {[%clk 0:00:33]} 30. Rxe6 {[%clk
0:03:02]} Kxe6 {[%clk 0:00:49]} 31. Qxc8+ {[%clk 0:03:14]} 1-0

[Event "Irena Warakomska Memorial A"]
[Site "Suwalki"]
[Date "2018.08.02"]
[Round "2"]
[White "Dmochowska, Agnieszka"]
[Black "Sowul, Bartosz"]
[Result "1/2-1/2"]
[Board "41"]
[WhiteElo "2096"]
[WhiteTitle "WCM"]
[WhiteCountry "POL"]
[WhiteFideId "1142984"]
[WhiteEloChange "4"]
[BlackElo "2242"]
[BlackCountry "POL"]
[BlackFideId "1137590"]
[BlackEloChange "-4"]

1. e4 {[%clk 1:30:58]} c5 {[%clk 1:30:48]} 2. Nf3 {[%clk 1:31:20]} g6 {[%clk
1:31:13]} 3. d4 {[%clk 1:31:39]} cxd4 {[%clk 1:31:37]} 4. Nxd4 {[%clk 1:32:06]}
Bg7 {[%clk 1:32:00]} 5. c4 {[%clk 1:32:29]} Nc6 {[%clk 1:32:24]} 6. Nc2 {[%clk
1:32:29]} e6 {[%clk 1:31:56]} 7. Be2 {[%clk 1:28:57]} Nge7 {[%clk 1:29:56]} 8.
Nc3 {[%clk 1:19:40]} f5 {[%clk 1:24:15]} 9. Qd3 {[%clk 1:16:12]} fxe4 {[%clk
1:23:41]} 10. Nxe4 {[%clk 1:14:40]} d5 {[%clk 1:09:59]} 11. Ng5 {[%clk 1:10:25]}
Ne5 {[%clk 0:59:43]} 12. Qb3 {[%clk 1:10:38]} O-O {[%clk 0:54:37]} 13. O-O {[%clk
1:10:38]} dxc4 {[%clk 0:54:37]} 14. Bxc4 {[%clk 1:08:25]} Nxc4 {[%clk 0:54:55]}
15. Qxc4 {[%clk 1:04:18]} Qd5 {[%clk 0:40:11]} 16. Qe2 {[%clk 0:56:57]} Qf5
{[%clk 0:39:13]} 17. Nf3 {[%clk 0:52:40]} Nc6 {[%clk 0:36:27]} 18. Ne3 {[%clk
0:50:02]} Qh5 {[%clk 0:24:26]} 19. Nc4 {[%clk 0:50:02]} e5 {[%clk 0:23:46]} 20.
Nd6 {[%clk 0:46:56]} Be6 {[%clk 0:19:26]} 21. Ne4 {[%clk 0:24:12]} h6 {[%clk
0:18:59]} 22. Bd2 {[%clk 0:24:12]} Kh8 {[%clk 0:18:59]} 23. Ng3 {[%clk 0:21:01]}
Qg4 {[%clk 0:19:21]} 24. h3 {[%clk 0:20:13]} Qc4 {[%clk 0:17:59]} 25. Qxc4 {[%clk
0:16:34]} Bxc4 {[%clk 0:18:22]} 26. Rfe1 {[%clk 0:17:01]} Bd5 {[%clk 0:14:22]}
27. Ne4 {[%clk 0:17:11]} Nd4 {[%clk 0:13:48]} 28. Nxd4 {[%clk 0:15:29]} exd4
{[%clk 0:14:12]} 29. Nd6 {[%clk 0:13:35]} Rad8 {[%clk 0:07:32]} 30. Bb4 {[%clk
0:12:44]} a5 {[%clk 0:06:51]} 31. Ba3 {[%clk 0:10:41]} Rf6 {[%clk 0:06:51]} 32.
Ne8 {[%clk 0:10:41]} Re6 {[%clk 0:04:35]} 33. Nxg7 {[%clk 0:10:10]} Kxg7 {[%clk
0:04:48]} 34. b3 {[%clk 0:10:10]} Kf7 {[%clk 0:03:02]} 35. f3 {[%clk 0:06:19]} g5
{[%clk 0:02:03]} 36. Rad1 {[%clk 0:06:19]} d3 {[%clk 0:02:03]} 37. Kf2 {[%clk
0:02:18]} Rxe1 {[%clk 0:01:42]} 38. Rxe1 {[%clk 0:02:21]} Be6 {[%clk 0:01:27]}
39. Rd1 {[%clk 0:01:16]} a4 {[%clk 0:01:27]} 40. Ke3 {[%clk 0:31:10]} axb3 {[%clk
0:30:43]} 41. axb3 {[%clk 0:31:10]} Ra8 {[%clk 0:25:34]} 42. Bc5 {[%clk 0:29:12]}
Bf5 {[%clk 0:24:46]} 43. Rd2 {[%clk 0:29:12]} Ke6 {[%clk 0:25:01]} 44. g4 {[%clk
0:26:50]} Bg6 {[%clk 0:25:01]} 45. Kf2 {[%clk 0:16:41]} Kd5 {[%clk 0:21:02]} 46.
Be3 {[%clk 0:16:59]} Ra3 {[%clk 0:19:09]} 47. Rb2 {[%clk 0:16:29]} Ra1 {[%clk
0:18:43]} 48. f4 {[%clk 0:15:42]} gxf4 {[%clk 0:15:05]} 49. Bxf4 {[%clk 0:16:11]}
h5 {[%clk 0:14:42]} 50. gxh5 {[%clk 0:16:06]} Bxh5 {[%clk 0:15:06]} 51. Ke3
{[%clk 0:15:45]} Be2 {[%clk 0:10:33]} 52. h4 {[%clk 0:15:27]} Rf1 {[%clk
0:08:07]} 53. Bg5 {[%clk 0:15:25]} Rf3+ {[%clk 0:09:57]} 54. Kd2 {[%clk 0:12:20]}
Rf5 {[%clk 0:07:21]} 55. Ra2 {[%clk 0:07:41]} b5 {[%clk 0:06:44]} 56. Ra1 {[%clk
0:07:17]} Ke4 {[%clk 0:04:55]} 57. Rc1 {[%clk 0:06:30]} Rf2 {[%clk 0:03:58]} 58.
Kc3 {[%clk 0:05:52]} Bg4 {[%clk 0:03:03]} 59. Re1+ {[%clk 0:05:58]} Be2 {[%clk
0:04:17]} 60. Rc1 {[%clk 0:06:01]} Bg4 {[%clk 0:03:48]} 1/2-1/2

[Event "Irena Warakomska Memorial A"]
[Site "Suwalki"]
[Date "2018.08.02"]
[Round "2"]
[White "Mulet, Piotr"]
[Black "Lisowski, Krzysztof"]
[Result "1-0"]
[Board "42"]
[WhiteElo "2202"]
[WhiteTitle "FM"]
[WhiteCountry "POL"]
[WhiteFideId "1106244"]
[WhiteEloChange "6"]
[BlackElo "2072"]
[BlackCountry "POL"]
[BlackFideId "1110969"]
[BlackEloChange "-6"]

1. e4 {[%clk 1:30:55]} c5 {[%clk 1:30:51]} 2. Nf3 {[%clk 1:31:07]} Nc6 {[%clk
1:31:14]} 3. c3 {[%clk 1:31:30]} d5 {[%clk 1:31:02]} 4. exd5 {[%clk 1:31:47]}
Qxd5 {[%clk 1:31:25]} 5. d4 {[%clk 1:32:13]} Bg4 {[%clk 1:31:24]} 6. Be2 {[%clk
1:32:37]} cxd4 {[%clk 1:31:49]} 7. cxd4 {[%clk 1:32:34]} e6 {[%clk 1:32:12]} 8.
Nc3 {[%clk 1:32:56]} Qa5 {[%clk 1:32:24]} 9. d5 {[%clk 1:32:27]} exd5 {[%clk
1:32:14]} 10. Nd4 {[%clk 1:32:52]} Bxe2 {[%clk 1:16:15]} 11. Qxe2+ {[%clk
1:32:53]} Be7 {[%clk 1:13:34]} 12. Nxc6 {[%clk 1:33:09]} bxc6 {[%clk 1:13:56]}
13. O-O {[%clk 1:33:30]} Rd8 {[%clk 0:41:09]} 14. Bf4 {[%clk 0:57:55]} Nf6 {[%clk
0:25:43]} 15. Rfe1 {[%clk 0:57:25]} Rd7 {[%clk 0:26:07]} 16. Bd6 {[%clk 0:54:30]}
Qd8 {[%clk 0:22:55]} 17. Bc5 {[%clk 0:54:11]} Kf8 {[%clk 0:16:50]} 18. Bd4 {[%clk
0:54:01]} c5 {[%clk 0:11:18]} 19. Be5 {[%clk 0:54:22]} h5 {[%clk 0:08:40]} 20.
Rad1 {[%clk 0:53:16]} d4 {[%clk 0:02:49]} 21. Nb5 {[%clk 0:52:01]} Nd5 {[%clk
0:02:12]} 22. Qf3 {[%clk 0:50:39]} Rh6 {[%clk 0:02:05]} 23. Na3 {[%clk 0:48:51]}
h4 {[%clk 0:01:56]} 24. h3 {[%clk 0:48:53]} Kg8 {[%clk 0:02:01]} 25. Nc4 {[%clk
0:49:07]} Bg5 {[%clk 0:01:20]} 26. Re2 {[%clk 0:45:18]} Re6 {[%clk 0:01:26]} 27.
Rde1 {[%clk 0:45:35]} Nb6 {[%clk 0:00:38]} 28. Nd6 {[%clk 0:42:09]} Rdxd6 {[%clk
0:00:45]} 29. Bxd6 {[%clk 0:42:34]} Qxd6 {[%clk 0:00:54]} 30. Rxe6 {[%clk
0:42:59]} fxe6 {[%clk 0:01:21]} 31. Qg4 {[%clk 0:43:24]} Qf4 {[%clk 0:01:02]} 32.
Qxe6+ {[%clk 0:43:44]} Kh7 {[%clk 0:01:01]} 33. Re4 {[%clk 0:42:29]} Qc1+ {[%clk
0:00:56]} 34. Kh2 {[%clk 0:42:54]} Bf4+ {[%clk 0:01:12]} 35. g3 {[%clk 0:43:19]}
hxg3+ {[%clk 0:01:20]} 36. Kg2 {[%clk 0:43:41]} gxf2 {[%clk 0:00:36]} 37. Qf5+
{[%clk 0:43:56]} g6 {[%clk 0:00:44]} 38. Qf7+ {[%clk 0:41:28]} Kh6 {[%clk
0:01:08]} 39. Qxf4+ {[%clk 0:41:50]} Qxf4 {[%clk 0:01:35]} 40. Rxf4 {[%clk
1:12:13]} Kg5 {[%clk 0:30:33]} 41. Rxf2 {[%clk 1:12:27]} Nd5 {[%clk 0:27:24]} 42.
Rf7 {[%clk 1:11:13]} Ne3+ {[%clk 0:15:08]} 43. Kf3 {[%clk 1:11:09]} Nc4 {[%clk
0:09:29]} 44. Rc7 {[%clk 1:08:33]} Nd2+ {[%clk 0:08:08]} 45. Ke2 {[%clk 1:08:25]}
Ne4 {[%clk 0:08:29]} 46. Kd3 {[%clk 1:01:40]} Kf4 {[%clk 0:08:07]} 47. Rf7+
{[%clk 1:01:52]} Ke5 {[%clk 0:08:29]} 48. Rxa7 {[%clk 1:00:35]} Nf2+ {[%clk
0:05:23]} 49. Kc4 {[%clk 1:00:24]} d3 {[%clk 0:04:01]} 50. Rd7 {[%clk 0:59:59]}
Ke4 {[%clk 0:02:39]} 51. Re7+ {[%clk 1:00:10]} Kf3 {[%clk 0:02:32]} 52. Rf7+
{[%clk 1:00:13]} Ke3 {[%clk 0:02:14]} 53. Rxf2 {[%clk 1:00:40]} Kxf2 {[%clk
0:02:35]} 54. Kxd3 {[%clk 1:01:06]} 1-0

[Event "Irena Warakomska Memorial A"]
[Site "Suwalki"]
[Date "2018.08.02"]
[Round "2"]
[White "Sliwerski, Radoslaw"]
[Black "Kumala, Aleksander"]
[Result "0-1"]
[Board "43"]
[WhiteElo "2011"]
[WhiteCountry "POL"]
[WhiteFideId "1115308"]
[WhiteEloChange "-4"]
[BlackElo "2238"]
[BlackCountry "POL"]
[BlackFideId "1141880"]
[BlackEloChange "4"]

1. d4 {[%clk 1:29:14]} f5 {[%clk 1:30:54]} 2. c4 {[%clk 1:29:39]} Nf6 {[%clk
1:31:19]} 3. g3 {[%clk 1:30:00]} g6 {[%clk 1:31:42]} 4. Bg2 {[%clk 1:30:11]} Bg7
{[%clk 1:32:07]} 5. Nc3 {[%clk 1:30:29]} d6 {[%clk 1:32:25]} 6. Nf3 {[%clk
1:30:54]} O-O {[%clk 1:32:49]} 7. O-O {[%clk 1:31:21]} Qe8 {[%clk 1:33:12]} 8. d5
{[%clk 1:31:26]} Na6 {[%clk 1:33:35]} 9. Qb3 {[%clk 1:22:37]} Nc5 {[%clk
1:31:56]} 10. Qa3 {[%clk 1:20:50]} Nce4 {[%clk 1:30:09]} 11. Nxe4 {[%clk
1:18:21]} Nxe4 {[%clk 1:30:28]} 12. Be3 {[%clk 1:13:53]} c5 {[%clk 1:27:09]} 13.
dxc6 {[%clk 1:10:58]} bxc6 {[%clk 1:27:23]} 14. Nd2 {[%clk 0:57:00]} d5 {[%clk
1:17:54]} 15. Nxe4 {[%clk 0:48:28]} fxe4 {[%clk 1:17:59]} 16. Bc5 {[%clk
0:45:48]} Rf7 {[%clk 1:15:02]} 17. f3 {[%clk 0:35:27]} exf3 {[%clk 1:04:30]} 18.
Rxf3 {[%clk 0:34:46]} e5 {[%clk 1:01:59]} 19. cxd5 {[%clk 0:25:12]} cxd5 {[%clk
1:01:36]} 20. Rd3 {[%clk 0:24:03]} e4 {[%clk 0:59:04]} 21. Rxd5 {[%clk 0:23:47]}
Bb7 {[%clk 0:56:10]} 22. Rd2 {[%clk 0:22:47]} Rc8 {[%clk 0:53:21]} 23. Bh3 {[%clk
0:19:41]} e3 {[%clk 0:52:54]} 24. Bxc8 {[%clk 0:13:29]} exd2 {[%clk 0:47:22]} 25.
Bxb7 {[%clk 0:12:36]} Qxe2 {[%clk 0:47:40]} 26. h4 {[%clk 0:10:22]} d1Q+ {[%clk
0:47:17]} 27. Rxd1 {[%clk 0:10:47]} Qxd1+ {[%clk 0:47:41]} 28. Kh2 {[%clk
0:11:13]} Rxb7 {[%clk 0:48:01]} 0-1